Public management: old and new

Gespeichert in:
Bibliographische Detailangaben
1. Verfasser: Lynn, Laurence E.
Format: Buch
Sprache:Englisch
Veröffentlicht: New York Routledge 2006
Schlagworte:
Tags: Tag hinzufügen
Keine Tags, Fügen Sie das erste Tag hinzu!

MARC

LEADER 00000nam a2200000 4500
001 0122017
005 20240306135925.2
020 |a 978-0-415-28730-2 
020 |a 0-415-28730-8 
020 |a 978-0-415-28729-6 
020 |a 0-415-28729-4 
041 0 |a eng 
044 |a US 
245 1 0 |a Public management: old and new  |c Laurence E. Lynn 
264 1 |a New York  |b Routledge  |c 2006 
300 |a 210 s. 
610 2 0 |a správa verejná 
610 2 0 |a riadenie 
610 2 0 |a administratíva 
610 2 0 |a štát 
610 2 0 |a byrokracia 
610 2 0 |a porovnanie medzinárodné 
610 2 0 |a reformy 
610 2 0 |a štúdie prípadové 
100 1 |a Lynn, Laurence E.